000 00399nam a2200145Ia 4500
008 090124s9999 xx 000 0 und d
082 _b202234
245 _a" ऊस,गूळ,साखर"
250 _a1
260 _bउद्यम प्रकाशन
_c1967
300 _a203
630 _a" ऊस,गूळ,साखर"
730 _a" ऊस,गूळ,साखर"
942 _cBOOK
999 _c183815
_d183815